000
00296nam a22001337a 4500
008
181217b xxu||||| |||| 00| 0 eng d
020
_a
9781598711110
041
_a
eng
080
_a
616.8
100
_a
7
101
_a
tru
245
_a
Your Expading Intellegence
_c
Wilks.j
942
_2
udc
_c
BK
999
_c
53297
_d
53297